000 00399nam a2200157Ia 4500
008 151213s9999 xx 000 0 und d
100 _aByron S.Goflfriend
245 _aProgramming With -C
_cByron S.Goflfriend
250 _a2nd
260 _aNew Delhi
_bTata Mc.Graw Hill
_c1998
300 _a2423 p.
650 _aComputer
650 _aComputer
700 _aByron S.Goflfriend
999 _c1690
_d1690